000 00673nam a22002177a 4500
999 _c3003
_d3003
003 AR-CdUCM
008 190305b ||||| |||| 00| 0 spa d
040 _aMUNICIPALIDAD PROVINCIAL DEL CUSCO
_cBIBLIOTECA MUNICIPAL DEL CUSCO
082 _23ed.
_a869.51 /
_bV664
100 _aVienrich, Adolfo
_910245
245 _aAzucenas Quechuas /
260 _aHuancayo :
_bEditora La Voz de Huancayo,
_c1970.
300 _a109 Páginas ;
_c21 cm.
505 _aContenido: Prólogo -- Texto -- Literatura Incaica.
650 _aLiteratura peruana
_9169
650 _aSiglo XX
_98
650 _aHuancayo
_910246
650 _aIncaica
_910247
942 _2ddc
_cLIBROS
945 _adavv